| 000 | 00550nam a2200217 a 4500 | ||
|---|---|---|---|
| 999 |
_c4958 _d4958 |
||
| 001 | 4958 | ||
| 003 | BD-JhCC | ||
| 005 | 20171227170910.0 | ||
| 008 | 171205s1986 u a|||| || | 000 0 eng d | ||
| 035 | _a(BD-JhCC)4958 | ||
| 040 |
_aBD-JhCC _dBD-JhCC |
||
| 041 | _aeng | ||
| 082 |
_a428.6 _bFAY 1986 |
||
| 100 | _aFay, Leo | ||
| 245 |
_aThe Riverside Reading Program Star Show / _cLeo Fay, |
||
| 260 |
_aUSA : _bThe Riverside Publishing Company, _c1986, |
||
| 300 |
_a143 p. : _c27 cm. |
||
| 650 | _aReaders | ||
| 942 |
_2ddc _cBK |
||